Statistics for Someone in the Crowd - La La Land (All Lyrics)

Click here to take the quiz!

General Stats

  • This quiz has been taken 77 times
  • The average score is 200 of 253

Answer Stats

Answer% Correct
I
100%
in
100%
So
100%
some
100%
the
100%
a
98%
A
98%
crowd
97%
go
97%
you
97%
You
97%
got
95%
need
94%
right
94%
someone
94%
Someone
94%
address
92%
be
92%
invitation
92%
to
92%
could
90%
on
90%
one
90%
know
85%
where
84%
wanna
81%
your
81%
answers
79%
if
77%
medication?
76%
found
74%
ground
74%
off
74%
Is
73%
is
73%
little
73%
ready
73%
for
71%
just
71%
lift
71%
then
69%
you're
69%
real
68%
take
68%
chance
66%
make
66%
more
66%
and
65%
bit
65%
Tonight
65%
who
65%
all
63%
audition
63%
behind
63%
finally
63%
mission
63%
you've
63%
encounter
61%
I'm
61%
squeeze
61%
stay
61%
we're
61%
call
60%
help
60%
I'll
60%
name
60%
That
60%
think
60%
waiting
60%
god
58%
oh
58%
stars
58%
us
58%
casting
56%
knows
56%
this
56%
waited
56%
ev'rybody
55%
find
55%
impression
55%
see?
55%
discover
53%
what
53%
fast
52%
lane
52%
tonight's
50%
do
47%
Do
47%
only
45%
than
45%
they
45%
now
44%
there's
44%
really
42%
somewhere
42%
Somewhere
42%
thing
42%
gonna
39%
place
37%
that's
37%
'round?
35%
spinning
35%
seeing
34%
aligned
32%
always yes
32%
keeps
32%
'til
31%
Watching
29%
while
29%
world
29%
with
26%
flying
21%

Score Distribution

Percentile by Number Answered

Percent of People with Each Score

Your Score History

You have not taken this quiz